| 000 | 00866nam a2200253 4500 | ||
|---|---|---|---|
| 008 | 151130b xxu||||| |||| 00| 0 eng d | ||
| 020 | _a9781119941866 | ||
| 082 |
_22014 _aDRef 006.3103 _bD56 |
||
| 100 |
_9712 _aFisher, Robert B. |
||
| 245 |
_aDictionary of computer vision and image processing/ _cRobert B. Fisher. |
||
| 250 | _aSecond Edition | ||
| 260 |
_aSingapore: _bMarkono Print Media, _cc2014. |
||
| 300 |
_a376 pages: _bcolor Illustrations; _c23 cm. |
||
| 500 | _aIncludes references. | ||
| 650 | 0 |
_95688 _aImage processing |
|
| 700 |
_9713 _aToby P. Breckson _eauthor |
||
| 700 |
_9714 _aKenneth Dawson-Howe _eauthor |
||
| 700 |
_9715 _aAndrew Fitzgibbon _eauthor |
||
| 700 |
_9716 _aCraig Robertson _eauthor |
||
| 700 |
_9717 _aEmanuele Trucco _eauthor |
||
| 700 |
_9718 _aChristopher K. I. Williams _eauthor |
||
| 365 |
_b3,943.24 _cPhp |
||
| 942 |
_2ddc _cDREF |
||
| 999 |
_c303 _d303 |
||